000 00637nam a2200217 a 4500
001 BRCA_754
005 20190320203133.0
008 770603s1964####mx-a######---#000-0#spa-d
041 _aspa
044 _amx
050 4 _aND259.V5
_b.M39 1964
100 1 _aMaza, Francisco de la
_d1913-1972
_9278
245 1 0 _aEl pintor Cristóbal de Villalpando
_cFrancisco de la Maza.
260 _aMéxico
_bINAH
_c1964
300 _a252 p.
_bil. (algunas a color), láminas
_c32 cm.
440 0 _aMemorias
_v9
_92495
600 1 4 _aVillalpando, Cristóbal de
_d1649?-1714
_92496
650 1 4 _aPintores
_92497
650 1 4 _aPintura
_92498
942 _2lcc
_cB
999 _c653
_d653